Bubbles, bursts and bailouts <a> comparison of three episodes of financial crises in Japan

Gespeichert in:
Bibliographische Detailangaben
1. Verfasser: Hamada, Koichi
Format: Buch
Sprache:Englisch
Veröffentlicht: New Haven Yale University Press 1998
Schriftenreihe:Center Paper No. 537
Schlagworte:
Tags: Tag hinzufügen
Keine Tags, Fügen Sie das erste Tag hinzu!

MARC

LEADER 00000nam a2200000 4500
001 c109886
005 20221221081718.8
041 0 |a eng 
044 |a US 
245 1 0 |a Bubbles, bursts and bailouts  |b <a> comparison of three episodes of financial crises in Japan  |c Koichi Hamada 
264 1 |a New Haven  |b Yale University Press  |c 1998 
300 |a S.263-286 
490 1 |a Center Paper  |v No. 537 
830 0 |a Center Paper  |v No. 537 
610 2 0 |a kríza finančná 
610 2 0 |a Japonsko 
610 2 0 |a pomoc finančná 
610 2 0 |a podvody 
100 1 |a Hamada, Koichi